Introduction to computer animation (Record no. 160654)

MARC details
000 -LEADER
fixed length control field 00386nam a2200157Ia 4500
008 - FIXED-LENGTH DATA ELEMENTS--GENERAL INFORMATION
fixed length control field 231217s9999 xx 000 0 und d
041 ## - LANGUAGE CODE
Language code of text/sound track or separate title English
082 ## - DEWEY DECIMAL CLASSIFICATION NUMBER
Classification number 001.6443 WAD
100 ## - MAIN ENTRY--PERSONAL NAME
Personal name Wadsworth, Nat
245 #0 - TITLE STATEMENT
Title Introduction to computer animation
250 ## - EDITION STATEMENT
Edition statement 1st ed.
260 ## - PUBLICATION, DISTRIBUTION, ETC.
Date of publication, distribution, etc. 1979
Name of publisher, distributor, etc. Hayden bk, N Jersey
300 ## - PHYSICAL DESCRIPTION
Extent 77
650 ## - SUBJECT ADDED ENTRY--TOPICAL TERM
Topical term or geographic name entry element Computer animation
942 ## - ADDED ENTRY ELEMENTS (KOHA)
Koha item type Books
Holdings
Date last seen Total checkouts Full call number Accession number Cost, total (INR) price Price effective from Category Lost status Damaged status Department Withdrawn status Home library Current library Entry date Vendor Cost, normal purchase price Grants Billnumber Billdate Currency symbol Conversion rate Discount Old discount
26/01/2024   001.6443 WAD 1038 194.91 26/01/2024 Books     Central Library   Central Library Central Library 04/01/1990 Educational Supplies 10.95 CS 13680 05/06/1990 USD 17.8    

© For any Suggestions or Query, please contact the library staff @ librarian@pes.edu or Phone: +9180 2672 1983/ 2108.